000 00970cam a22002413a 4500
001 16055
003 PGUSA
005 20140828083337.0
008 050613s2005||||xxu|||||s|||||000 | eng d
040 _aPGUSA
_beng
042 _adc
050 4 _aPR
100 1 _aKunz, George Frederick,
_d1856-1932
245 1 0 _aShakespeare and Precious Stones :
_bTreating of the Known References of Precious Stones in Shakespeare's Works, with Comments as to the Origin of His Material, the Knowledge of the Poet Concerning Precious Stones, and References as to Where the Precious Stones of His Time Came from
_h[electronic resource] /
_cGeorge Frederick Kunz
260 _bProject Gutenberg,
_c2005
506 _aPublic domain in the USA.
516 _aElectronic text
653 _aPrecious stones
653 _aShakespeare, William, 1564-1616 -- Knowledge -- Geology
830 0 _aProject Gutenberg
_v16055
856 4 0 _uhttp://www.gutenberg.org/ebooks/16055
942 _cEB
999 _c245310
_d245310